00313nam a2200133Ia 45000030006000000080041000060400015000471000016000622450012000782600052000903000006001425460014001480050017001620STCL150530s9999 xx 000 0 und d aSTCLcSTCL aAnujan O M. aActaeon bSahithya Pravarthaka Co Operative Societyc1961 a0 aMalayalam20220125170729.0